00405 2200157 4500001002100000008004100021035002000062245006400082100001700146250000600163260003000169084001400199082000800213650001400221990001200235INLIS000000000001563 ind  a0010-0125000061 aModern English-Indonesian DictionarycDrs. Peter Salim, M.A aSalim, Peter a1 aJakarta :bGramediac2010 a423 PET m a423 aReferensi a0715092